Países que contienen la letra N - Estadísticas

Estadísticas generales
  • Esta prueba ha sido intentada 1.787 veces
    1.780 desde el último reinicio
  • La puntuación promedio es 85 de 113
Estadísticas de respuestas
País % Correcto
Argentina
92%
Afganistán
91%
Alemania
91%
Andorra
89%
Noruega
88%
Albania
87%
Nicaragua
87%
Finlandia
84%
Nueva Zelanda
84%
Pakistán
84%
República del Congo
84%
República Democrática del Congo
84%
Angola
83%
Azerbaiyán
83%
Estonia
83%
Guinea
83%
Honduras
83%
India
83%
Indonesia
83%
Japón
83%
Níger
83%
Nigeria
83%
Reino Unido
83%
San Marino
83%
Antigua y Barbuda
82%
Armenia
82%
Canadá
82%
Francia
82%
Nepal
82%
Venezuela
82%
Estados Unidos
81%
Islandia
81%
Letonia
81%
Santa Lucía
81%
Bosnia y Herzegovina
80%
Hungría
80%
Irlanda
80%
Kirguistán
80%
Lituania
80%
Mónaco
80%
San Vicente y las Granadinas
80%
Uzbekistán
80%
China
79%
Corea del Norte
79%
Namibia
79%
Omán
79%
Panamá
79%
Sudán
79%
Bután
78%
Guinea Ecuatorial
78%
Polonia
78%
Rumanía
78%
San Cristóbal y Nieves
78%
Turkmenistán
78%
Yemen
78%
Dominica
77%
Guinea Bissau
77%
Montenegro
77%
Nauru
77%
República Dominicana
77%
Sudán del Sur
77%
Ucrania
77%
Eslovenia
76%
Irán
76%
Kenia
76%
República de Macedonia
76%
Santo Tomé y Príncipe
76%
Burundi
75%
Jordania
75%
Senegal
75%
Uganda
75%
Ciudad del Vaticano
74%
Tayikistán
74%
Vietnam
74%
Bangladés
73%
Baréin
73%
Benín
73%
Tanzania
73%
Camerún
72%
Mongolia
72%
Ruanda
72%
Tailandia
72%
Dinamarca
71%
Líbano
70%
Singapur
70%
Gabón
69%
Surinam
69%
Brunéi
68%
Emiratos Árabes Unidos
68%
Estados Federados de Micronesia
68%
Ghana
68%
Guyana
68%
Kazajstán
68%
Liechtenstein
68%
Taiwán
68%
Trinidad y Tobago
68%
Túnez
68%
Birmania
67%
República Centroafricana
67%
Mauritania
65%
Papúa Nueva Guinea
65%
Suazilandia
65%
Vanuatu
65%
Burkina Faso
64%
Filipinas
64%
Islas Salomón
64%
Granada
62%
Sierra Leona
62%
Botsuana
60%
Sri Lanka
59%
Tonga
58%
Timor Oriental
54%
Palestina
24%
No se encontraron pruebas coincidentes
Distribución de puntuación
Porcentaje de gente con cada puntuación
Porcentaje por número respondido
Historial de tus puntuaciones
No has intentado esta prueba desde el último reinicio